000 nam a22 7a 4500
999 _c9159
_d9159
008 180123b ||||| |||| 00| 0 eng d
100 _aNIIT
_95429
245 _aNIIT Group - B, Level -II Class - IV
260 _aNew Delhi
_bSona Publication
_c2005